000 00299nam a2200121Ia 4500
008 190216s9999||||xx |||||||||||||| ||und||
100 _aGokhale B K
245 0 _aIntroduction To Western Civilization
260 _bS Chand & Co
_c1999
300 _a575p
650 _aWorld Civilization
942 _cBK
999 _c19060
_d19060